[Event "AUTO-INT-1793"]
[Site "http://www.queenalice.com/game.php?id=820634"]
[Date "2010.8.20"]
[Round "1"]
[White "cobra17"]
[Black "Enrico"]
[Result "1-0"]
[WhiteElo "1666"]
[BlackElo "1720"]

1. e4 e5 2. Nf3 Nc6 3. Bb5 a6 4. Bxc6 bxc6 5. Nxe5 Qe7 6. d4 f6 7. Qh5+ g6 8.
Nxg6 Qxe4+ 9. Be3 Qxg6 10. Qxg6+ hxg6 11. O-O Bg7 12. Re1 Ne7 13. Bf4 d6 14. Nc3
f5 15. b4 Bxd4 16. Bd2 Rh7 17. a4 c5 18. bxc5 Bxc5 19. Nd5 Kd7 20. Nf6+ Kd8 21.
Nxh7 Bb7 22. Bg5 d5 23. Re6 Kd7 24. Rae1 Nc6 25. Nf6+ Kc8 26. Re8+ Nd8 27. R1e5
c6 28. Ng8 Kc7 29. Bf4 Kb6 30. Be3 Nf7 31. Bxc5+ Kxc5 32. Rxa8 Nxe5 33. Rb8 Kb6
34. Ne7 a5 35. f4 Nc4 36. Nxg6 Nd6 37. Rh8 Kc5 38. Ne5 Nc4 39. Rb8 Nd6 40. Nd7+
Kb4 41. h4 Kxa4 42. h5 Ba6 43. Nc5+ 1-0

[Event "AUTO-INT-1793"]
[Site "http://www.queenalice.com/game.php?id=820635"]
[Date "2010.8.20"]
[Round "1"]
[White "Enrico"]
[Black "cobra17"]
[Result "1/2-1/2"]
[WhiteElo "1760"]
[BlackElo "1662"]

1. d4 d5 2. Nc3 c6 3. Bf4 Na6 4. e3 b5 5. a3 h6 6. b4 g5 7. Bg3 h5 8. h3 h4 9.
Be5 f6 10. Bh2 Nh6 11. Nf3 Bg7 12. a4 Qd7 13. Bd3 O-O 14. axb5 cxb5 15. Bxb5 Qe6
16. Bxa6 Bxa6 17. Ra5 Nf5 18. Nxd5 Rac8 19. Nc7 Qc4 20. Nxa6 Rc6 21. b5 Rcc8 22.
Nc5 Qb4+ 23. Qd2 Qb1+ 24. Qd1 Qb4+ 25. Qd2 Qb1+ 26. Qd1 Qb4+ 1/2-1/2

[Event "AUTO-INT-1793"]
[Site "http://www.queenalice.com/game.php?id=820636"]
[Date "2010.8.20"]
[Round "1"]
[White "cobra17"]
[Black "carito30236"]
[Result "1-0"]
[WhiteElo "1684"]
[BlackElo "1689"]

1. e4 c5 2. c4 Nc6 3. d3 Nd4 4. Be3 Qa5+ 5. Nc3 Qb4 6. Bxd4 cxd4 7. a3 Qa5 8. b4
Qc7 9. Nd5 Qc6 10. b5 Qd6 11. Nf3 e5 12. Qb3 h6 13. Qb4 Qxb4+ 14. Nxb4 Bxb4+ 15.
axb4 d6 16. c5 dxc5 17. bxc5 f6 18. b6 a5 19. Nd2 Ne7 20. Nc4 Nc6 21. h3 g5 22.
g4 h5 23. Nd6+ Kd7 24. Bg2 Nb4 25. Rd1 a4 26. Rb1 Nxd3+ 27. Kd2 Nxf2 28. Rhf1
hxg4 29. Rxf2 Ke6 30. hxg4 a3 31. Ra1 Rh2 32. Nb5 Ra5 33. Nxa3 Bd7 34. Ke1 Kf7
35. Raa2 Bxg4 36. Nc4 Rxa2 37. Rxa2 Bf3 38. Kf1 Bxe4 39. Nd6+ Ke6 40. Nxe4 g4
41. Ra7 d3 42. Rxb7 f5 43. Nd2 e4 44. Nc4 Kd5 45. Ne3+ Kxc5 46. Kg1 g3 47. Rb8
f4 48. b7 Kb6 49. Bxe4 fxe3 50. Ra8 d2 51. b8=Q+ Kc5 52. Ra5+ Kd4 53. Ra4+ Kc3
54. Qb4# 1-0

[Event "AUTO-INT-1793"]
[Site "http://www.queenalice.com/game.php?id=820637"]
[Date "2010.8.20"]
[Round "1"]
[White "carito30236"]
[Black "cobra17"]
[Result "0-1"]
[WhiteElo "1662"]
[BlackElo "1700"]

1. d4 d5 2. Nc3 c6 3. h3 Na6 4. Nf3 Nf6 5. e3 b5 6. a3 h6 7. Ne5 Bd7 8. g4 g5 9.
Bg2 Qa5 10. Bd2 Qc7 11. e4 dxe4 12. Bxe4 Nxe4 13. Nxe4 f6 14. Ng6 Rg8 15. Nxf8
Kxf8 16. Bb4 Nxb4 17. axb4 Qf4 18. f3 Qe3+ 19. Qe2 Qxd4 20. c3 Qe5 21. Kf2 Be6
22. Ra6 Bc4 23. Qe3 f5 24. Nc5 Qxe3+ 25. Kxe3 f4+ 26. Ke4 Rg6 27. Rd1 Bd5+ 28.
Kf5 Kf7 29. Nd7 Be6+ 30. Ke5 Bc4 31. Nb6 Rf8 32. Rxa7 Re6+ 33. Kd4 Rd6+ 34. Kc5
Rxd1 35. Kxc6 Rd6+ 36. Kc7 Rfd8 37. Ra1 Ke6 38. Re1+ Kf7 39. Ra1 Bd5 40. Rd1
Bxf3 41. Rxd6 Rxd6 42. b3 Rc6+ 43. Kb7 Be4 44. Ka6 f3 45. Kxb5 f2 46. c4 f1=Q
47. Na4 Qxh3 48. Ka5 Qxg4 49. b5 Rc8 50. Nb6 Rb8 51. c5 Rb7 52. c6 Rc7 53. Nd7
Qd1 54. Kb6 Rc8 55. Ne5+ Ke6 56. Kb7 Qd8 57. b6 Bxc6+ 58. Nxc6 Qd7+ 59. Ka6 Qxc6
60. Ka5 Ra8+ 61. Kb4 Qxb6+ 62. Kc3 g4 0-1

[Event "AUTO-INT-1698"]
[Site "http://www.queenalice.com/game.php?id=839988"]
[Date "2010.9.30"]
[Round "2"]
[White "cobra17"]
[Black "tenentemurdock"]
[Result "1-0"]
[WhiteElo "1714"]
[BlackElo "1639"]

1. e4 d5 2. exd5 Qxd5 3. d4 Qe4+ 4. Ne2 Bg4 5. f3 Bxf3 6. gxf3 Qxf3 7. Rg1 e6 8.
Bg2 Qf6 9. Bxb7 Qh4+ 10. Kd2 Qxh2 11. Bxa8 c6 12. Rh1 Qc7 13. c4 Qa5+ 14. Nec3
Qg5+ 15. Kc2 Qf5+ 16. Kb3 e5 17. d5 cxd5 18. Qxd5 Be7 19. Qb5+ Qd7 20. Qxb8+ Bd8
21. Rd1 Qc7 22. Qb5+ Kf8 23. Nd5 Qa5 24. Qxa5 Bxa5 25. Be3 g6 26. Bxa7 Kg7 27.
Ka4 Bd8 28. Nbc3 Nh6 29. Ne4 Bh4 30. Bc6 Nf5 31. b4 Bd8 32. Bd7 Nd4 33. Bxd4
exd4 34. Rxd4 f5 35. Nd6 Kh6 36. Nf7+ 1-0

[Event "AUTO-INT-1698"]
[Site "http://www.queenalice.com/game.php?id=839989"]
[Date "2010.9.30"]
[Round "2"]
[White "tenentemurdock"]
[Black "cobra17"]
[Result "1-0"]
[WhiteElo "1643"]
[BlackElo "1713"]

1. e4 e5 2. Qh5 Nf6 3. Qxe5+ Be7 4. Qg3 g6 5. d3 h6 6. Qh3 d5 7. Qe3 b6 8. e5
Ng4 9. Qd4 f5 10. e6 Rf8 11. h3 Nf6 12. Bxh6 Rh8 13. Bg7 c5 14. Qa4+ Nbd7 15.
Bxh8 Kf8 16. Bxf6 Nxf6 17. Nf3 Bxe6 18. Ne5 Kg7 19. Be2 Bd6 20. f4 Bxe5 21. fxe5
Nd7 22. Qc6 Nxe5 23. Qxe6 Nf7 24. Nc3 d4 25. Nd5 Ng5 26. Qe5+ Kh6 27. h4 Nf7 28.
Qf4+ Kg7 29. h5 g5 30. Qxf5 Qd6 31. O-O-O Rf8 32. h6+ Nxh6 33. Qxg5+ Kh7 34.
Rdf1 Rxf1+ 35. Rxf1 Ng8 36. Rh1+ Nh6 37. Nf6+ Kh8 38. Qxh6# 1-0

[Event "AUTO-INT-1793"]
[Site "http://www.queenalice.com/game.php?id=876545"]
[Date "2010.12.25"]
[Round "2"]
[White "V_Spy"]
[Black "cobra17"]
[Result "1-0"]
[WhiteElo "1783"]
[BlackElo "1727"]

1. e4 e5 2. Nf3 Qf6 3. Nc3 c6 4. d4 exd4 5. e5 Qe6 6. Qxd4 d5 7. Bd3 f5 8. O-O
b5 9. Re1 Na6 10. Nxb5 cxb5 11. Bxb5+ Kd8 12. Ng5 Qg6 13. Qxd5+ Ke7 14. Rd1 Nc7
15. Qd8# 1-0

[Event "AUTO-INT-1793"]
[Site "http://www.queenalice.com/game.php?id=876546"]
[Date "2010.12.25"]
[Round "2"]
[White "cobra17"]
[Black "V_Spy"]
[Result "0-1"]
[WhiteElo "1713"]
[BlackElo "1842"]

1. e4 e5 2. Nf3 Nc6 3. Bb5 a6 4. Bxc6 dxc6 5. Nxe5 Qd4 6. Nd3 Qxe4+ 7. Qe2 Qxe2+
8. Kxe2 Bf5 9. Re1 Bd6 10. g3 Ne7 11. Kf1 c5 12. Na3 O-O 13. f4 b5 14. Ne5 c4
15. c3 f6 16. Nf3 Bd3+ 17. Kg2 Rfe8 18. Nd4 c5 19. Ne6 Bf5 20. d4 cxd4 21. cxd4
Bb4 22. Re3 Nd5 23. Re2 Bxe6 24. Bd2 Bxd2 25. Rxd2 Ne3+ 26. Kf2 Bg4 27. Re1 Nd5
28. Rxe8+ Rxe8 29. b3 cxb3 30. axb3 Nc3 31. Kf1 Bh3+ 32. Kf2 Ne4+ 33. Ke2 Nxd2+
34. Kxd2 b4 35. Nc4 Be6 36. Nd6 Re7 37. Kc2 Rd7 38. Ne4 Rxd4 39. Nc5 Bf5+ 40.
Kb2 Rd2+ 41. Ka1 a5 0-1

[Event "AUTO-INT-1793"]
[Site "http://www.queenalice.com/game.php?id=876549"]
[Date "2010.12.25"]
[Round "2"]
[White "cobra17"]
[Black "Scharlatan"]
[Result "0-1"]
[WhiteElo "1694"]
[BlackElo "1932"]

1. e4 e6 2. f4 d5 3. e5 c5 4. d4 Qb6 5. c3 Bd7 6. b3 cxd4 7. cxd4 Ne7 8. Nf3 Bb5
9. Bxb5+ Qxb5 10. Nc3 Qa6 11. Na4 Nd7 12. Ba3 b5 13. Bxe7 Bxe7 14. Nc5 Nxc5 15.
dxc5 Bxc5 16. Qc2 Bb4+ 17. Nd2 Rc8 18. Qb2 Bc3 19. Qb1 Qa5 20. b4 Bxb4 21. Qb2
Bc3 22. Qc2 O-O 23. Rd1 Qb6 24. Ke2 Bxe5 25. Qd3 Rc3 26. Qb1 Qe3+ 27. Kf1 Qxf4+
28. Nf3 Rxf3+ 29. Ke1 Qe3# 0-1

[Event "AUTO-INT-1793"]
[Site "http://www.queenalice.com/game.php?id=876550"]
[Date "2010.12.25"]
[Round "2"]
[White "Scharlatan"]
[Black "cobra17"]
[Result "0-1"]
[WhiteElo "1911"]
[BlackElo "1688"]

1. c4 c5 2. g3 Nf6 3. Bg2 e5 4. Nc3 d6 5. e3 Bg4 6. Nge2 Qb6 7. h3 Be6 8. b3 g5
9. Bb2 Nc6 10. Nd5 Bxd5 11. cxd5 Nb4 12. e4 Nd3+ 13. Kf1 Nxb2 14. Qc2 Rc8 15.
Qxb2 c4 16. b4 Bh6 17. Rc1 g4 18. hxg4 Nxg4 19. d4 exd4 20. Rd1 c3 21. Nxc3 dxc3
22. Qc2 Be3 23. Bh3 Nxf2 24. Bxc8 Nxh1 25. Kg2 Nf2 26. Rf1 Ke7 27. Qxc3 Rg8 28.
a4 Rxg3+ 29. Kh2 Bf4 30. Qxg3 Bxg3+ 31. Kxg3 Qe3+ 32. Kg2 Nxe4 33. Rf3 Qe2+ 0-1

[Event "AUTO-INT-1698"]
[Site "http://www.queenalice.com/game.php?id=898921"]
[Date "2011.2.11"]
[Round "3"]
[White "Catamarca"]
[Black "cobra17"]
[Result "1-0"]
[WhiteElo "1665"]
[BlackElo "1750"]

1. e4 e5 2. Bc4 f6 3. Bxg8 Rxg8 4. Qh5+ g6 5. Qxh7 Rg7 6. Qh8 Qe7 7. Qh4 g5 8.
Qg3 Nc6 9. Na3 Qe6 10. d3 Bxa3 11. bxa3 Nd4 12. Kd1 f5 13. Bb2 f4 14. Qh3 g4 15.
Qh5+ Rg6 16. h4 Kf7 17. Bxd4 d6 18. Bc3 Qf6 19. f3 g3 20. Nh3 Be6 21. Ng5+ Ke7
22. Nxe6 Rh8 23. Qf5 Qxe6 24. Qxe6+ Kxe6 25. d4 exd4 26. Bxd4 Rh5 27. Ke2 c5 28.
Bb2 b5 29. Rac1 d5 30. exd5+ Kxd5 31. Rcd1+ Kc6 32. Kd3 c4+ 33. Ke4 Kc5 34. Bd4+
Kc6 35. Kxf4 a5 36. Be5 Re6 37. Bc3 a4 38. Kxg3 Re3 39. Bb4 Re2 40. Rd6+ Kc7 41.
c3 Rxa2 42. Rhd1 Rh7 43. Ba5+ Kb7 44. Bb4 Re2 45. Rd7+ Rxd7 46. Rxd7+ Kc6 47.
Rd6+ Kc7 48. h5 Re8 49. Kh4 Rg8 50. g4 Rg7 51. h6 Rf7 52. g5 Rxf3 53. g6 Rf1 54.
h7 Rh1+ 55. Kg5 Rg1+ 56. Kh6 1-0

[Event "AUTO-INT-1698"]
[Site "http://www.queenalice.com/game.php?id=898922"]
[Date "2011.2.11"]
[Round "3"]
[White "cobra17"]
[Black "Catamarca"]
[Result "0-1"]
[WhiteElo "1765"]
[BlackElo "1785"]

1. e4 d6 2. Nf3 Nf6 3. d3 g6 4. Bg5 Nbd7 5. Bxf6 Nxf6 6. Nc3 Bg7 7. d4 O-O 8. e5
dxe5 9. Nxe5 c6 10. h3 Qa5 11. a3 Be6 12. b4 Qc7 13. Bd3 Nh5 14. g4 Nf4 15. Qf3
Nxd3+ 16. Nxd3 Bxd4 17. O-O-O Bxc3 18. Nc5 Qe5 19. Rd3 Bb2+ 20. Kd2 Rad8 21.
Rxd8 Rxd8+ 22. Nd3 Qc3+ 23. Ke3 Qxc2 24. Rd1 Rxd3+ 25. Rxd3 Bc1+ 26. Kd4 Qc4+
27. Ke5 Bb2+ 28. Rd4 Qxd4# 0-1

[Event "AUTO-ADV-2279"]
[Site "http://www.queenalice.com/game.php?id=985712"]
[Date "2011.9.16"]
[Round "1"]
[White "cobra17"]
[Black "jpfaro"]
[Result "1-0"]
[WhiteElo "1722"]
[BlackElo "1814"]

1. e4 e5 2. Nf3 Nc6 3. Bb5 Nf6 4. Bxc6 dxc6 5. Nxe5 Be6 6. d3 Bd6 7. Nf3 Bg4 8.
h3 Bxf3 9. Qxf3 Be5 10. O-O Qd6 11. g3 g6 12. Re1 O-O-O 13. Na3 Qc5 14. Be3 Qb4
15. Nc4 Qe7 16. Nxe5 Qxe5 17. d4 Qe6 18. Bg5 Nh5 19. Bxd8 Rxd8 20. d5 cxd5 21.
exd5 Qxh3 22. Rad1 f5 23. Re3 g5 24. Qg2 Qg4 25. f3 Qc4 26. Red3 Qxa2 27. c3 Rd6
28. b4 Qb3 29. Qh3 Nf6 30. Qxf5+ Kb8 31. Qxg5 b5 32. g4 a6 33. Qh4 Nxd5 34. Qxh7
Nf6 35. Qh8+ Ng8 36. Rxd6 cxd6 37. Rxd6 Kc7 38. Rxa6 Qd1+ 39. Kf2 Qd5 40. Qg7+
Kd8 41. Ra8+ 1-0

[Event "AUTO-ADV-2279"]
[Site "http://www.queenalice.com/game.php?id=985728"]
[Date "2011.9.16"]
[Round "1"]
[White "cobra17"]
[Black "ShuraCapricornio"]
[Result "0-1"]
[WhiteElo "1731"]
[BlackElo "1906"]

1. e4 c5 2. Bc4 e6 3. Nc3 Nf6 4. d4 cxd4 5. Qxd4 Nc6 6. Qe3 b6 7. Bb5 Bc5 8. Qf3
Bb7 9. Bg5 Ne5 10. Qg3 O-O 11. Qxe5 Bxf2+ 12. Kxf2 Ng4+ 13. Kf3 Nxe5+ 0-1